000 00958nam a2200289Ia 4500
001 Para_581
003 CHAP
008 220125s1993 xx 000 0 und d
010 _a199341
040 _cCHAP
090 _aPA TESIS 655
100 _aAlvarez Negrete, Yesenia
_94952
245 _aEstudio epidemiológico de la roya amarilla de la cebada Puccinia striiformis f. sp. hordei en Texcoco, Méx. /
_c por Yesenia Alvarez Negrete
260 _aChapingo, Méx. :
_b el autor
300 _a71 h.
502 _aTesis (M.C. Esp. en Protección Vegetal) UACh. Departamento Parasitología Agrícola
650 _aCebada
_x enfermedades
_920674
650 _aPuccinia striiformis
_992831
710 _aUACh. Departamento Parasitología Agrícola
_9164025
901 _aPA TESIS 655
902 _aA
905 _a0000001993 a 0000000000 00
910 _a1993
942 _cPARA
942 _cPARA
_d1
999 _c199341
_d199341